000 01312nam0a22002771 4500
001 rc\3358455
005 20140908140250.0
021 _aRU
_bРг13670-73
035 _a(NLR Aleph) 007440503
090 _a7110363
_c7110363
100 _a20130115d1973 |||y0rusy50 ca
101 0 _arus
102 _aRU
105 _ay b |||||
200 1 _aКаталог
_fМ-во культуры СССР. М-во высш. и сред. спец. образ. РСФСР. Ленингр. высш. худож.-пром. училище им. В.И. Мухиной. Выставка курсовых и дипломных работ студентов... Москва, 1973 г. Посвящ. Всесоюз. фестивалю сов. молодежи
210 _a[Москва
_cСов. художник
_d1973]
215 _a53 с.
_d21
300 _aНа обороте тит. л. сост.: В.В. Янов
702 1 _aЯнов
_bВ. В.
_4220
710 1 2 _aЛенинградское высшее художественно-промышленное училище им. В.И. Мухиной. Выставка курсовых и дипломных работ (1973)
801 0 _aRU
_bNLR
_gpsbo
801 1 _aRU
_bELAR
_2rusmarc
852 _aNLR
_bЭ
_jКМ821/1973
942 _cBOOK
980 _aNB